| 000 | 00524nam a2200169 i 4500 | ||
|---|---|---|---|
| 001 | 96966 | ||
| 003 | ES-MaACL | ||
| 005 | 20230906182019.0 | ||
| 007 | t| | ||
| 008 | 050705s1971 pr ||||1| spa d | ||
| 100 | 1 |
_aCabrera, Francisco Manrique. _933282 |
|
| 245 | 1 | 0 |
_aHistoria de la literatura puertorriqueña / _cpor Francisco Manrique Cabrera. |
| 250 |
_a[1ª ed. _b4ª reimp.]. |
||
| 260 |
_aRío Piedras (Puerto Rico) : _bEd. Cultural, _c1971. |
||
| 300 |
_a384 p. ; _c22 cm. |
||
| 852 |
_aES-MaACL _jC-38409 _bR.77876 |
||
| 999 |
_c96966 _d96966 |
||